书目信息 |
| 题名: |
中国古塔大观
|
|
| 作者: | 程鹏 编著 | |
| 分册: | ||
| 出版信息: | 合肥 合肥工业大学出版社 2015 |
|
| 页数: | 336页 | |
| 开本: | 24cm | |
| 丛书名: | ||
| 单 册: | ||
| 中图分类: | K928.75 | |
| 科图分类: | ||
| 主题词: | 塔--ta--古建筑--介绍--中国 | |
| 电子资源: | ||
| ISBN: | 978-7-5650-0479-7 | |
| 000 | 01010nam0 22002291 450 | |
| 001 | 0119165209 | |
| 005 | 20170619165209.0 | |
| 010 | @a978-7-5650-0479-7@dCNY68.00 | |
| 100 | @a20160509d2015 em y0chiy50 ea | |
| 101 | 0 | @achi |
| 102 | @aCN@b340000 | |
| 105 | @aa z 000yy | |
| 106 | @ar | |
| 200 | 1 | @a中国古塔大观@9zhong guo gu ta da guan@f程鹏编著 |
| 210 | @a合肥@c合肥工业大学出版社@d2015@h2016印 | |
| 215 | @a336页@c彩图@d24cm | |
| 330 | @a本书收录了我国国家及省、市、自治区文物保护单位的名塔,而且发掘出长期鲜为人知的西藏、青海、内蒙古等地佛塔的古迹,如拉萨市布达拉宫五世达赖罗桑嘉措和十三世达赖士登嘉措金包玉饰富丽辉煌的灵塔,哲蚌寺和楚布寺内17座银塔,扎囊县雅鲁藏布江北岸的桑耶寺塔墙、塔群及金塔,中尼边境珠穆朗玛峰北坡的世界最高位置布绒寺塔,青海塔尔寺菩提塔堆、长江源头通天河畔藏娘塔,内蒙古黑水城塔群等。 | |
| 606 | 0 | @a塔@9ta@x古建筑@x介绍@y中国 |
| 690 | @aK928.75@v5 | |
| 701 | 0 | @a程鹏@9cheng peng@f(1937~)@4编著 |
| 801 | 0 | @aCN@b百万庄@c20170616 |
| 905 | @b1010067-72@dK928.75@e1008@f6 | |
| 中国古塔大观/程鹏编著.-合肥:合肥工业大学出版社,2015(2016印) |
| 336页:彩图;24cm |
| ISBN 978-7-5650-0479-7:CNY68.00 |
| 本书收录了我国国家及省、市、自治区文物保护单位的名塔,而且发掘出长期鲜为人知的西藏、青海、内蒙古等地佛塔的古迹,如拉萨市布达拉宫五世达赖罗桑嘉措和十三世达赖士登嘉措金包玉饰富丽辉煌的灵塔,哲蚌寺和楚布寺内17座银塔,扎囊县雅鲁藏布江北岸的桑耶寺塔墙、塔群及金塔,中尼边境珠穆朗玛峰北坡的世界最高位置布绒寺塔,青海塔尔寺菩提塔堆、长江源头通天河畔藏娘塔,内蒙古黑水城塔群等。 |
| ● |
| 相关链接 |
|
|
|
|
正题名:中国古塔大观
索取号:K928.75/1008
 
预约/预借
| 序号 | 登录号 | 条形码 | 馆藏地/架位号 | 状态 | 备注 |
| 1 | 1010067 | 210100674 | 第二样本阅览室/ [索取号:K928.75/1008] | 在馆 | |
| 2 | 1010068 | 210100683 | 教育系资料室/ [索取号:K928.75/1008] | 在馆 | |
| 3 | 1010069 | 210100692 | 教育系资料室/ [索取号:K928.75/1008] | 在馆 | |
| 4 | 1010070 | 210100709 | 教育系资料室/ [索取号:K928.75/1008] | 在馆 | |
| 5 | 1010071 | 210100718 | 第二借阅区/ [索取号:K928.75/1008] | 在馆 | |
| 6 | 1010072 | 210100727 | 第二借阅区/ [索取号:K928.75/1008] | 在馆 |